[Event "TAO 57"]
[Site "?"]
[Date "2010.05.08"]
[Round "3"]
[White "Simpson, Ron"]
[Black "Mabe, Chris"]
[Result "1-0"]
[WhiteElo "2290"]
[BlackElo "2258"]
[Annotator "Deep Rybka 4 x64 (90s)"]
[PlyCount "85"]
[EventDate "2010.05.25"]
[SourceDate "2006.11.11"]

{C06: French Tarrasch: 3...Nf6 4 e5 Nfd7 5 Bd3 main lines} 1. e4 e6 2. d3 d5 3.
Nd2 Nf6 4. Ngf3 Bc5 5. e5 Nfd7 6. d4 {White threatens to win material: d4xc5}
Be7 {Black's piece can't move: c8} 7. Bd3 c5 {The thematic attack} 8. c3 Nc6 9.
O-O a5 10. b3 cxd4 11. cxd4 Qb6 12. Bb2 g5 13. Qe2 Nf8 (13... Rg8 14. h3 h5 15.
g4 $11) 14. Bb5 Bd7 15. Bxc6 Bxc6 {Black has the pair of bishops} 16. Qe3 (16.
a4 Ng6 $11) 16... h6 (16... g4 $5 $17) 17. Rfc1 Ng6 18. Ne1 g4 19. f4 Nh4 20.
Nd3 (20. Nf1 Nf5 21. Qd2 a4 $11) 20... Nf5 $15 {
Black threatens to win material: Nf5xe3} 21. Qf2 h5 22. Nc5 h4 23. Nf1 a4 24.
Rab1 $2 (24. Ne3 $142 $5 {has some apparent merit} g3 25. Qd2 $17) 24... axb3
$17 25. Ba1 $2 (25. axb3 $142 $5 Bxc5 26. Rxc5 $19) 25... g3 $19 26. Qd2 Qa5
27. Bc3 Qa7 (27... Qxc5 $142 $1 {
a shame that Black overlooked this excellent chance} 28. dxc5 Bxc5+ 29. Kh1 h3
$19) 28. Nxb3 $17 Bb5 29. Ne3 gxh2+ 30. Kxh2 {White has a new backward pawn: g2
} Ng3 31. Bb4 {White inhibits 0-0-0} Ne4 {
Black threatens to win material: Ne4xd2. A beautiful square!} 32. Qe1 h3 (32...
Qxa2 $2 {doesn't work} 33. Ra1 h3 34. Bxe7 (34. Rxa2 $6 {is clearly worse}
hxg2+ 35. Kxg2 Rxa2+ 36. Rc2 Rxc2+ 37. Nxc2 Bh4 $11) 34... Kxe7 35. Rc7+ Kd8
36. Rxa2 Rxa2 37. Rc2 Rxc2 38. Nxc2 hxg2+ 39. Kxg2 Rg8+ 40. Kf3 Rg3+ 41. Qxg3
Nxg3 42. Kxg3 $18) 33. Bxe7 hxg2+ $4 {
not a good decision, because now the opponent is right back in the game} (33...
Kxe7 34. Qb4+ Kd8 35. Qxb5 hxg2+ 36. Kg1 Nc3 37. Rxc3 Qxa2 38. Qb6+ Ke8 39.
Qb5+ Kd8 40. Qb6+ Ke8 41. Qb5+ Kd8 $11) 34. Kxg2 $4 {
White wins a piece. White loses the upper hand. .} (34. Bh4 $142 $18 {
White would have gained the upper hand}) 34... Kxe7 {Sacrifices material} (
34... Bd3 $5 35. Rb2 Kxe7 36. Qb4+ Kd7 $11) 35. Qb4+ $11 Kd8 36. Qxb5 $4 {
with this move White loses his initiative} (36. Nc5 $142 {was necessary} Rg8+
37. Kh2 $11) 36... Qxa2+ $19 37. Nc2 Rc8 $4 {
Black threatens to win material: Rc8xc2. weakening the position} (37... Kc7
$142 {and Black is on the road to success} 38. Kf1 Rh1+ 39. Ke2 Rg8 $19) 38.
Nc5 $11 {White has a mate threat} Rc7 $4 {lets it slip away} (38... Rg8+ $142 {
would be a reprieve} 39. Kh2 Rh8+ 40. Kg1 Rg8+ 41. Kh1 Rh8+ 42. Kg1 Rg8+ 43.
Kf1 Rxc5 44. dxc5 Nd2+ 45. Ke1 Nxb1 46. Qxb7 Rg1+ 47. Kf2 Rxc1 48. Qb8+ Ke7 49.
Qc7+ Kf8 50. Qd8+ Kg7 51. Qf6+ Kf8 52. Qd8+ Kg7 53. Qf6+ Kh7 54. Qh4+ Kg8 55.
Qd8+ Kh7 56. Qh4+ Kg7 57. Qf6+ $11) 39. Ra1 $18 Rg8+ 40. Kf1 Nd2+ (40... Qc4+ {
what else?} 41. Qxc4 Nd2+ (41... dxc4 $4 42. Ra8+ Rc8 43. Rxc8+ (43. Nxe4 $6 {
is a weaker possibility} Rxa8 44. Ne3 Ra2 $16) 43... Kxc8 44. Nxe4 $18) 42. Kf2
Nxc4 43. Ra8+ Rc8 44. Nxb7+ Kc7 45. Rxc8+ Rxc8 $18) 41. Ke1 Nf3+ 42. Kf2 Nxd4
43. Nxb7+ (43. Nxb7+ Kc8 44. Nd6+ Kd8 45. Qb6 Nc6 46. Rxa2 Rg4 47. Ra8+ Kd7 48.
Nd4 Rxf4+ 49. Ke1 Rxd4 50. Rxc6 Re4+ 51. Nxe4 Ra7 52. Nf6+ Ke7 53. Qxa7#) (43.
Qb6 Nb5 44. Rxa2 Ke7 45. Qxb5 Rgc8 46. Nd4 b6 47. Qxb6 Kf8 48. Rg1 Re7 49. Qd6
f5 50. Ra7 Rcc7 51. Rxc7 Kf7 52. Qxe7#) 1-0

[Event "TAO 57"]
[Site "?"]
[Date "2010.05.08"]
[Round "1"]
[White "Simpson, Ron"]
[Black "Eberhardinger, Mike"]
[Result "1-0"]
[WhiteElo "2290"]
[BlackElo "1777"]
[Annotator "Deep Rybka 4 x64 (90s)"]
[PlyCount "51"]
[EventDate "2010.05.25"]
[SourceDate "2006.11.11"]

{B42: Sicilian: Kan Variation: 5 Bd3} 1. e4 c5 2. Nf3 e6 3. d4 cxd4 4. Nxd4 {
Black is behind in developement. Black's piece can't move: c8} Nf6 {
Black threatens to win material: Nf6xe4} 5. Bd3 a6 {Covers b5} 6. g4 (6. O-O
Qc7 $14) 6... d6 {Black is behind in developement} 7. g5 {
White threatens to win material: g5xf6} Nfd7 8. Nc3 {
Black is behind in developement. Black's piece can't move: c8} Nc6 {
Black threatens to win material: Nc6xd4} 9. Nb3 (9. Be2 Qb6 10. Nb3 Qc7 $11)
9... Nc5 {White has an active position} 10. Be3 Be7 {
Black threatens to win material: Be7xg5} 11. Rg1 Qc7 12. f4 Bd7 {
White has a very active position} 13. Qd2 O-O-O (13... Nxd3+ 14. Qxd3 h6 15. g6
Bh4+ 16. Kd2 $11) 14. O-O-O $14 Kb8 {Black has a cramped position} 15. Qf2 Rhf8
(15... h6 16. gxh6 (16. Bxc5 $6 dxc5 17. gxh6 Rxh6 $11) 16... gxh6 17. e5 Nxb3+
18. axb3 dxe5 19. Bb6 $16) 16. e5 (16. Bxc5 $6 dxc5 17. Nxc5 Nb4 18. Nxd7+ Rxd7
$11) 16... Nxb3+ 17. axb3 Qc8 $2 (17... d5 $142 18. Bb6 Qc8 $16) 18. exd6 $18
Bxd6 19. Bxa6 $1 {Discovered attack: d3, d1-d6} Be7 (19... bxa6 20. Rxd6 {
Discovered attack}) 20. Bb5 Be8 21. Na4 Rxd1+ 22. Rxd1 Bd8 (22... f6 23. gxf6
Rxf6 24. Bxc6 Qxc6 25. Ba7+ Ka8 $18) 23. Bc5 Be7 (23... Ne7 {
doesn't change the outcome of the game} 24. Bd6+ Bc7 25. Nb6 $18) 24. Nb6 (24.
Bxc6 $142 {makes sure everything is clear} Qc7 25. Ba7+ Ka8 26. Bb6 Qxc6 27.
Qd2 $18) 24... Qc7 25. Nd7+ $1 {Decoy: d7} Bxd7 26. Bxe7 (26. Bxe7 Nxe7 27.
Rxd7 $18 (27. Bxd7 $6 Rd8 28. Bb5 Rxd1+ 29. Kxd1 Ng6 $11)) 1-0

[Event "TAO 57"]
[Site "?"]
[Date "2010.05.08"]
[Round "2"]
[White "Mabe, Chris"]
[Black "Watson, James"]
[Result "1-0"]
[WhiteElo "2260"]
[BlackElo "1915"]
[Annotator "Deep Rybka 4 x64 (90s)"]
[PlyCount "75"]
[EventDate "2010.05.25"]
[SourceDate "2006.11.11"]

{A04: Unusual lines after 1 Nf3 and King's Indian Attack} 1. Nf3 h6 {Secures g5
} 2. b3 d6 {Controls e5} 3. Bb2 Nd7 4. d4 Ngf6 5. Nbd2 c6 6. e4 e6 7. Bd3 Qc7 {
Black's piece can't move: c8} 8. Qe2 b5 9. a4 b4 10. a5 Be7 11. O-O Nf8 12.
Rfc1 Ng6 13. g3 {Secures f4+h4} O-O 14. c3 e5 (14... bxc3 $142 $5 15. Bxc3 Bd7
$14) 15. cxb4 $18 Bg4 (15... Qb7 16. a6 Qxb4 17. Rxc6 $18) 16. b5 (16. d5 c5
$18) 16... c5 17. dxc5 dxc5 18. Qe3 (18. Nc4 Rfe8 $18) 18... Nd7 19. Bc4 Qd6 (
19... Rab8 20. Nb1 $16) 20. Bd5 $18 Kh8 $2 (20... Rab8 $142 21. Bc6 Qf6 $18)
21. Nc4 Qf6 22. Nfd2 (22. Bxa8 {and White can already relax} Rxa8 23. Rd1 Rd8
$18) 22... Rab8 (22... Rad8 23. Rc3 $18) 23. b6 $1 {
a forceful and devastating end} axb6 24. a6 Ra8 $2 (24... b5 $142 25. a7 Ra8
26. Bxa8 Rxa8 $18) 25. Bxa8 Rxa8 26. f3 (26. Qd3 $142 $5 {
might be the shorter path} Qe6 $18) 26... Be6 27. Qe2 Qg5 28. Kh1 h5 29. Ne3 h4
(29... Ra7 30. Rg1 $18) 30. Nd5 (30. f4 {keeps an even firmer grip} exf4 31.
gxh4 f3 32. Nxf3 Qh5 $18) 30... Bxd5 (30... Qh6 31. gxh4 Bxh4 32. Nc4 $18) 31.
exd5 hxg3 32. hxg3 Qxg3 33. Qh2+ (33. Ne4 $5 Qh4+ 34. Qh2 Kg8 $18) 33... Qxh2+
34. Kxh2 Nf6 $2 (34... Bg5 $142 $5 35. Rd1 Bxd2 36. Rxd2 Kg8 $18) 35. Nc4 (35.
a7 $142 $18 {seems even better}) 35... Nxd5 $2 (35... Nd7 $18) 36. Rd1 Nb4 (
36... b5 {a fruitless try to alter the course of the game} 37. Nxe5 Ngf4 38.
Nxf7+ Kg8 39. Ne5 $18) 37. a7 Nc6 38. Rd7 (38. Rd7 b5 39. Ra6 Rxa7 40. Rdxa7
Nxa7 41. Nxe5 (41. Rxa7 $6 bxc4 42. bxc4 Kg8 $18) 41... Nxe5 42. Bxe5 $18 (42.
Rxa7 $6 {is a useless try} Nxf3+ 43. Kh3 Bf6 44. Bxf6 gxf6 $14)) 1-0

[Event "TAO 57"]
[Site "?"]
[Date "2010.05.08"]
[Round "2"]
[White "Solarez, Daniel"]
[Black "Simpson, Ron"]
[Result "0-1"]
[WhiteElo "1814"]
[BlackElo "2290"]
[Annotator "Deep Rybka 4 x64 (90s)"]
[PlyCount "77"]
[SourceDate "2006.11.11"]

{B22: Sicilian: 2 c3} 1. e4 c5 2. c3 d5 3. exd5 Qxd5 4. d4 Nf6 5. Nf3 Bg4 6.
Be2 e6 7. Be3 cxd4 8. Qxd4 Nc6 9. Qxd5 Nxd5 10. Bd4 $2 (10. Nd4 $142 $5 {
and White is still in the game} Ne5 11. Nd2 $11) 10... Nf4 $17 11. Kf1 $2 (11.
h3 $142 Nxg2+ 12. Kf1 Nxd4 13. cxd4 Bxf3 14. Bxf3 $17) 11... Nxe2 12. Kxe2 e5
13. Re1 (13. Be3 e4 $19) 13... exd4 (13... Nxd4+ $6 14. cxd4 exd4 15. h3 $15)
14. Kd3+ (14. Kf1+ {does not save the day} Be7 $19) 14... Be7 15. Nbd2 (15.
Nxd4 {does not improve anything} O-O-O 16. Nd2 Bf5+ 17. Ke2 Nxd4+ 18. cxd4 Rxd4
$19) 15... Bf5+ 16. Kc4 (16. Ke2 {does not help much} dxc3 17. bxc3 O-O-O $19)
16... dxc3 (16... Rd8 {makes it even easier for Black} 17. Rxe7+ Kxe7 18. cxd4
Be6+ 19. Kd3 Nb4+ 20. Ke2 $19) 17. Kxc3 (17. bxc3 {
doesn't change anything anymore} O-O-O 18. Kb3 Rhe8 $19) 17... O-O (17... O-O-O
{and Black can already relax} 18. Rxe7 Nxe7 19. Nd4 $19) 18. a3 (18. Kb3 {
doesn't get the cat off the tree} Rac8 19. a3 Be6+ 20. Rxe6 fxe6 $19) 18...
Rac8 19. Rac1 (19. Kb3 {is not the saving move} Be6+ 20. Rxe6 fxe6 $19) 19...
Rfd8 20. Kb3 Be6+ 21. Kc2 Nd4+ (21... Nb4+ $142 {keeps an even firmer grip} 22.
Kb1 Nd3 23. Rxc8 Rxc8 24. Rd1 $19) 22. Kb1 Nxf3 23. Nxf3 Bf6 (23... Bf5+ {
seems even better} 24. Ka2 Bf6 25. Rxc8 Rxc8 26. Re2 $19) 24. Red1 (24. Rxc8 {
does not solve anything} Bxc8 25. Re2 Bg4 $19) 24... Rxd1 25. Rxd1 Bb3 (25...
Bf5+ $142 $5 {might be the shorter path} 26. Ka2 $19) 26. Rd2 Rd8 27. Kc1 (27.
Rxd8+ {doesn't improve anything} Bxd8 28. Nd2 Bd5 $19) 27... Bd5 28. Rd3 Rc8+
29. Kd2 (29. Kd1 {does not win a prize} Be4 30. Rd2 Bc6 $19) 29... Bxf3 (29...
Bc4 $5 {makes it even easier for Black} 30. Rd7 Bxb2 31. Rxb7 Bxa3 32. Rxa7
Bb4+ 33. Kd1 $19) 30. Rxf3 Bxb2 31. Rb3 Bc1+ 32. Kd1 (32. Kd3 {is not much help
} b6 $19) 32... b6 33. g3 (33. a4 {doesn't do any good} Kf8 $19) 33... Bg5 34.
a4 Rc5 (34... Rc1+ {keeps an even firmer grip} 35. Ke2 $19) 35. Ke2 (35. Rb2 {
a fruitless try to alter the course of the game} f5 $19) 35... Kf8 36. Kd3 Ke7
(36... Rd5+ {seems even better} 37. Ke4 Rd2 38. Rf3 $19) 37. f4 (37. Rb2 {
cannot change what is in store for ?} Bf6 38. Rb4 Rc3+ 39. Ke2 Rc2+ 40. Kf3 Ke6
$19) 37... Bf6 38. g4 h6 (38... Ke6 {might be the shorter path} 39. Ra3 $19)
39. Kd2 0-1

[Event "TAO 56"]
[Site "?"]
[Date "2010.04.03"]
[Round "1"]
[White "Simpson, Ron"]
[Black "Flewelling, Mike"]
[Result "1-0"]
[WhiteElo "2292"]
[BlackElo "1870"]
[Annotator "Deep Rybka 4 x64 (90s)"]
[PlyCount "17"]
[SourceDate "2006.11.11"]

{B02: Alekhine's Defence: Chase Variation and lines with early Nc3} 1. e4 Nf6
2. e5 Nd5 3. Nc3 {White threatens to win material: Nc3xd5} Nb6 4. d4 {
Black has a cramped position. Black's pieces can't move: c8+f8} e6 {
Black has a cramped position. Black's piece can't move: c8} 5. Qg4 a6 {
Covers b5} (5... h6 $5 $16) 6. Bg5 $18 f6 $4 {
the final mistake, not that it matters anymore} (6... h5 $142 7. Bxd8 hxg4 8.
Bxc7 Nd5 9. Nxd5 exd5 $18) 7. exf6 gxf6 (7... Qxf6 {
doesn't get the bull off the ice} 8. Bxf6 gxf6 9. Qf4 $18) 8. Qh5+ Ke7 9. Bxf6+
$1 {Double attack: d8/f6. . . . . . . .} (9. Bxf6+ Kxf6 10. Qh4+ Kf7 11. Qxd8
$18) 1-0

[Event "TAO 56"]
[Site "?"]
[Date "2010.04.03"]
[Round "2"]
[White "Baldwin, Scott"]
[Black "Simpson, Ron"]
[Result "0-1"]
[WhiteElo "2292"]
[BlackElo "1905"]
[Annotator "Deep Rybka 4 x64 (90s)"]
[PlyCount "44"]
[SourceDate "2006.11.11"]

{E60: King's Indian: Unusual lines and Fianchetto Variation without Nc3} 1. d4
Nf6 2. Nf3 g6 3. c4 Bg7 4. g3 c5 5. d5 {White gains space} b5 6. cxb5 Qa5+ 7.
Bd2 {White threatens to win material: Bd2xa5} Qxb5 8. Bc3 O-O 9. e4 Qb7 {
White king safety improved} 10. Nbd2 {
Black has a cramped position. Black's piece can't move: c8} e6 {
Black threatens to win material: e6xd5} 11. Bg2 (11. dxe6 $5 fxe6 12. Bg2 $11)
11... exd5 $15 12. exd5 Qb5 {
White king safety dropped. Traps the king in the center} (12... Re8+ 13. Kf1
$15) 13. Qb3 $11 {White threatens to win material: Qb3xb5} Re8+ 14. Kd1 {
White loses the right to castle} (14. Ne5 Qxb3 15. axb3 Ng4 $11) 14... Qe2+ $15
15. Kc2 Qxf2 16. Rhg1 $2 (16. Rae1 $142 Na6 17. Rxe8+ Nxe8 18. Re1 Nb4+ 19. Kd1
$15) 16... Ng4 $4 {weakening the position} (16... Ba6 $142 {
and Black is on the road to success} 17. Raf1 Bxf1 18. Bxf1 Ng4 19. Bxg7 Kxg7
$19) 17. Rae1 $11 {White threatens to win material: Re1xe8} Ne3+ 18. Kc1 Bh6 (
18... Bxc3 19. bxc3 c4 20. Nxc4 Na6 21. Nxe3 Rxe3 $16) 19. Nh4 $4 {
throwing away the advantage} (19. Bf1 $142 {was much better} Ba6 20. Qa4 $14)
19... Ba6 $19 20. Qa3 (20. Bf3 Bd3 21. Bd4 cxd4 22. Qxd3 Na6 $19) 20... Rc8 (
20... Bd3 $142 {and Black can already relax} 21. Qxc5 Bg7 $19) 21. d6 $4 {
White crumbles in face of a dire situation} (21. Qa4 $142 Bd3 22. Be4 $19)
21... Nc4 22. Rgf1 Bxd2+ (22... Bxd2+ 23. Kd1 Qxg2 24. Nxg2 Nxa3 25. Bxd2 Bxf1
26. Rxf1 Nc4 $19) 0-1

[Event "TAO 57"]
[Site "?"]
[Date "2010.05.08"]
[Round "1"]
[White "Taylor, Josh"]
[Black "Mabe, Chris"]
[Result "0-1"]
[WhiteElo "1770"]
[BlackElo "2260"]
[Annotator "Deep Rybka 4 x64 (90s)"]
[PlyCount "28"]
[SourceDate "2006.11.11"]

{D17: Slav Defence: 5 a4 Bf5: Lines with 6 Nh4 and 6 Ne5} 1. Nf3 d5 2. d4 Nf6
3. c4 c6 4. Nc3 dxc4 5. a4 Bf5 6. Ne5 {White threatens to win material: Ne5xc4}
Nbd7 7. Nxc4 Qc7 8. g3 e5 9. dxe5 Nxe5 {Black has an active position.} 10. Bf4
{White threatens to win material: Bf4xe5} Nfd7 11. Qd4 f6 {Secures e5} 12.
O-O-O {White is not afraid to castle} (12. Ne4 $142 $5 {has some apparent merit
} Bxe4 13. Qxe4 Bb4+ 14. Bd2 Bxd2+ 15. Nxd2 $11) 12... Nc5 $17 13. Nd6+ $4 {
the position was bad, and this mistake simply hastens the end} (13. Nd2 $142
$17) 13... Bxd6 $19 14. Qxd6 Nb3# 0-1

[Event "NC Girls Championship"]
[Site "?"]
[Date "2010.03.27"]
[Round "2"]
[White "Ray, Bethany"]
[Black "Campbell, Grace"]
[Result "0-1"]
[WhiteElo "1116"]
[BlackElo "1709"]
[Annotator "Deep Rybka 4 x64 (60s)"]
[PlyCount "90"]
[SourceDate "2006.11.11"]

{A47: 1 d4 Nf6 2 Nf3 b6: Torre, London and Colle Systems} 1. d4 Nf6 2. Nf3 b6
3. g3 Bb7 4. Bg2 e6 5. O-O Be7 6. Bg5 O-O 7. Nc3 h6 {
Black threatens to win material: h6xg5} 8. Bf4 d5 9. Re1 c5 10. Be5 (10. dxc5
Bxc5 11. Ne5 Nc6 $11) 10... Nc6 11. e3 (11. Bxf6 Bxf6 12. e3 Qc7 $15) 11... Nd7
(11... Ne4 12. h4 $17) 12. Qd2 Ndxe5 13. dxe5 (13. Nxe5 $5 Nxe5 14. dxe5 $15)
13... Qb8 $17 14. e4 d4 15. Ne2 Nxe5 16. Nxe5 Qxe5 17. Qf4 Qxf4 18. Nxf4 Bd6 (
18... g5 $5 19. e5 Bxg2 20. Nxg2 $19) 19. e5 $17 Bxg2 20. Nxg2 Be7 21. Rac1 c4
22. c3 d3 23. Re4 b5 24. Kf1 Rfd8 25. Rd1 Rac8 26. Ke1 a5 27. Kd2 Bc5 28. f4
Kf8 29. Ne3 Bxe3+ 30. Rxe3 Ke7 31. Re4 Kd7 (31... a4 32. Rh1 $17) 32. Rd4+ (32.
b3 $5 $15 {should be examined more closely}) 32... Kc6 $17 33. Rxd8 $2 (33. Re4
$5 $17) 33... Rxd8 $19 34. Ke3 (34. h4 Kd5 $19) 34... Kd5 35. Rd2 (35. Rf1 b4
36. Rc1 Kc5 $19) 35... Rb8 (35... g5 $142 {seems even better} 36. Rf2 Rg8 $19)
36. a3 $2 (36. Rf2 $19) 36... b4 37. a4 (37. cxb4 {praying for a miracle} axb4
38. axb4 Rxb4 39. h4 $19) 37... bxc3 38. bxc3 Rb3 39. Kf3 (39. Ra2 $19 {
hoping against hope}) 39... Rxc3 40. Ra2 (40. Ke3 Ra3 41. Rf2 Rxa4 42. f5 exf5
43. h4 $19) 40... Rc2 41. Ra1 Kd4 42. h4 Rh2 43. Rb1 d2 44. Kg4 (44. g4 {
is not the saving move} c3 45. Kg3 c2 46. Rb7 d1=Q 47. Kxh2 Qe2+ 48. Kh3 c1=Q
49. Rd7+ Ke4 50. Rd4+ Kxd4 51. g5 Qce3#) 44... c3 45. f5 (45. Kh5 {
doesn't get the cat off the tree} c2 46. Rb8 d1=Q+ 47. g4 Qe1 48. Rd8+ Ke3 49.
Rd3+ Kxd3 50. g5 Rxh4#) 45... c2 (45... c2 46. Rb4+ axb4 47. Kh5 d1=Q+ 48. g4
exf5 49. e6 Qxg4#) 0-1

[Event "NC Scholastic Championships 2010"]
[Site "?"]
[Date "2010.02.28"]
[Round "5"]
[White "Noden, Eric"]
[Black "Campbell, Will"]
[Result "0-1"]
[WhiteElo "1657"]
[BlackElo "1907"]
[PlyCount "66"]
[SourceDate "2006.11.11"]

1. e4 c5 2. Nf3 d6 3. d4 cxd4 4. Nxd4 Nf6 5. Nc3 a6 6. Be2 e5 7. Nb3 Be7 8. O-O
b5 9. f4 Bb7 10. Bf3 O-O 11. fxe5 dxe5 12. Qxd8 Rxd8 13. Be3 b4 14. Na4 Nbd7
15. Nac5 Nxc5 16. Nxc5 Bxc5 17. Bxc5 Bxe4 18. Bxb4 Rab8 19. Be7 Rd2 20. Bxf6
Bxf3 21. Bxe5 Rxg2+ 22. Kh1 Ba8 23. h4 Rxc2+ 24. Kg1 Rg2+ 25. Kh1 Re2+ 26. Kg1
Rxe5 27. Rac1 Re2 28. Rfd1 h6 29. Rc7 Kh7 30. Rdd7 Rbxb2 31. Rxf7 Rb1+ 32. Rf1
Rg2+ 33. Kh1 Rxf1# 0-1

[Event "NC Scholastic Championships 2010"]
[Site "?"]
[Date "2010.02.28"]
[Round "4"]
[White "Campbell, Will"]
[Black "High, David"]
[Result "1-0"]
[WhiteElo "1907"]
[BlackElo "1928"]
[PlyCount "139"]
[SourceDate "2006.11.11"]

1. e4 c5 2. Nf3 e6 3. d4 cxd4 4. Nxd4 Nf6 5. Nc3 Nc6 6. Ndb5 d6 7. Bf4 e5 8.
Bg5 a6 9. Na3 b5 10. Bxf6 gxf6 11. Nd5 Bg7 12. Bd3 Ne7 13. c4 Nxd5 14. cxd5
Qa5+ 15. Qd2 Qxd2+ 16. Kxd2 Bd7 17. Nc2 Rg8 18. g3 Bh6+ 19. Ne3 Ke7 20. Rac1
Rgc8 21. Rxc8 Rxc8 22. Rc1 Bxe3+ 23. fxe3 Rxc1 24. Kxc1 Kd8 25. Kc2 Kc7 26. Be2
f5 27. exf5 Bxf5+ 28. Bd3 e4 29. Be2 Bh3 30. Kc3 f5 31. g4 Kd8 32. gxf5 Ke7 33.
Kd4 Bg2 34. b4 Kf6 35. Bh5 Kxf5 36. Be8 Kg4 37. Bd7+ Kh4 38. Bc8 h5 39. Bxa6
Kh3 40. Bxb5 Kxh2 41. Bd7 Kg3 42. b5 Bf1 43. b6 Ba6 44. Kxe4 h4 45. Kd4 Kf3 46.
e4 Kf4 47. a4 Bb7 48. a5 Ba6 49. Bf5 Bb7 50. Be6 Ba6 51. Bd7 Bb7 52. Be6 Ba6
53. Bf5 Bb7 54. Kd3 Ba6+ 55. Kd2 h3 56. Bxh3 Kxe4 57. Bf1 Kxd5 58. Bxa6 Kc6 59.
Bc8 d5 60. Kd3 d4 61. Kxd4 Kb5 62. b7 Kc6 63. b8=R Kc7 64. Rb2 Kc6 65. Rb6+ Kc7
66. Kc5 Kd8 67. Rb7 Ke8 68. Kd6 Kd8 69. Be6 Ke8 70. Rb8# 1-0

[Event "NC Scholastic Championships 2010"]
[Site "?"]
[Date "2010.02.27"]
[Round "3"]
[White "Wang, Tianqi"]
[Black "Campbell, Will"]
[Result "0-1"]
[WhiteElo "1812"]
[BlackElo "1907"]
[PlyCount "78"]
[SourceDate "2006.11.11"]

1. e4 c5 2. Nc3 Nc6 3. g3 g6 4. Bg2 Bg7 5. d3 d6 6. f4 e6 7. Nf3 Nge7 8. O-O
O-O 9. Be3 b6 10. d4 Bb7 11. Qd2 a6 12. a3 Qc7 13. Rad1 Rfd8 14. g4 Rac8 15. a4
Na5 16. Qe2 d5 17. e5 Nc4 18. Bc1 Bf8 19. Kh1 Nc6 20. Qf2 cxd4 21. Nxd4 Nxd4
22. Qxd4 Na5 23. Qd3 Bb4 24. Na2 Be7 25. Be3 Nc4 26. Bd4 Bc5 27. b3 Na5 28. Nc1
Bxd4 29. Qxd4 Qxc2 30. Qd3 Qc5 31. f5 d4 32. f6 Bxg2+ 33. Kxg2 Qf8 34. Ne2 Nc6
35. Qg3 Qc5 36. Qh4 Nxe5 37. Ng3 Qd5+ 38. Kh3 Rc2 39. Rg1 Nf3 0-1

[Event "NC Scholastic Championships 2010"]
[Site "?"]
[Date "2010.02.27"]
[Round "2"]
[White "Campbell, Will"]
[Black "Cartee, Elliot"]
[Result "1-0"]
[WhiteElo "1907"]
[BlackElo "1675"]
[PlyCount "107"]
[SourceDate "2006.11.11"]

1. d4 Nf6 2. c4 c5 3. Nf3 g6 4. Nc3 Qc7 5. Nb5 Qd8 6. Bf4 Na6 7. dxc5 Bg7 8.
Be5 O-O 9. e3 Ne4 10. Bxg7 Kxg7 11. Qd4+ Nf6 12. Be2 Qa5+ 13. Qd2 Qxd2+ 14.
Nxd2 Nxc5 15. b4 Nce4 16. Nxe4 Nxe4 17. Bf3 Ng5 18. Be2 d6 19. Nc7 Rb8 20. h4
Ne6 21. Nd5 Re8 22. Kd2 b6 23. a4 Bb7 24. Rhc1 Rbc8 25. g3 Bc6 26. e4 Bxd5 27.
cxd5 Nd4 28. Bc4 Nf3+ 29. Ke3 Ne5 30. Ba6 Rxc1 31. Rxc1 Ra8 32. Rc7 Kf6 33. Bb7
Rb8 34. Bc6 a5 35. bxa5 bxa5 36. Bb5 Ra8 37. f3 h5 38. Kf4 e6 39. dxe6 Kxe6 40.
Ke3 Kf6 41. f4 Ng4+ 42. Kd4 Rd8 43. Bc4 Rf8 44. Ra7 Nh6 45. Rxa5 Ng8 46. Ra7
Ne7 47. e5+ dxe5+ 48. fxe5+ Kf5 49. Rxe7 Rc8 50. Rxf7+ Kg4 51. Bb5 Rd8+ 52. Rd7
Rf8 53. e6 Re8 54. Ke5 1-0

[Event "NC Scholastic Championships 2010"]
[Site "?"]
[Date "2010.02.27"]
[Round "1"]
[White "Fan, Jim"]
[Black "Campbell, Will"]
[Result "0-1"]
[WhiteElo "1465"]
[BlackElo "1907"]
[PlyCount "92"]
[SourceDate "2006.11.11"]

1. e4 c5 2. c3 Nf6 3. e5 Nd5 4. d4 cxd4 5. Nf3 e6 6. Nxd4 d6 7. exd6 Bxd6 8.
Nb5 O-O 9. Bc4 Be5 10. Qh5 Bf6 11. Bd3 g6 12. Qf3 Nc6 13. Be4 Qb6 14. Bxd5 exd5
15. N5a3 Re8+ 16. Be3 d4 17. cxd4 Nxd4 18. Qd1 Qa5+ 19. Nc3 Nf5 20. O-O Bxc3
21. bxc3 Nxe3 22. fxe3 Qxa3 23. Qd4 Be6 24. Rf4 Rad8 25. Qf6 Qb2 26. Raf1 Rd2
27. Qg5 Bd5 28. e4 Bxe4 29. R4f2 Rxf2 30. Rxf2 Qa1+ 31. Rf1 Qxc3 32. Qf4 Qd4+
33. Rf2 f5 34. g4 Qd1+ 35. Rf1 Qxg4+ 36. Qg3 Qxg3+ 37. hxg3 Rc8 38. Re1 Rc2 39.
g4 Rg2+ 40. Kf1 Rxg4 41. a4 Rh4 42. Re3 g5 43. a5 g4 44. Kf2 Rh2+ 45. Kg1 Rh1+
46. Kf2 h5 0-1

[Event "Asheboro Open 54"]
[Site "?"]
[Date "2010.02.13"]
[Round "3"]
[White "McCartney, Patrick"]
[Black "Jiang, Allan"]
[Result "0-1"]
[WhiteElo "2053"]
[BlackElo "1844"]
[PlyCount "72"]
[SourceDate "2006.11.11"]

1. d4 e6 2. e4 d5 3. Nc3 Nf6 4. Bg5 dxe4 5. Nxe4 Be7 6. Bxf6 Bxf6 7. Nf3 O-O 8.
Bc4 Nd7 9. Bb3 c5 10. O-O Qc7 11. dxc5 Bxb2 12. Rb1 Ba3 13. Nfg5 h6 14. Nxf7
Kxf7 15. Nd6+ Kg8 16. Bxe6+ Kh8 17. Nxc8 Nxc5 18. Bh3 Raxc8 19. Bxc8 Qxc8 20.
Qd4 a5 21. Rb6 Nd7 22. Rxh6+ Kg8 23. Qd5+ Rf7 24. Rh3 Nf6 25. Qxa5 Bc5 26. Rd3
b6 27. Qd2 Ne4 28. Rd8+ Kh7 29. Qd5 Qf5 30. Qxf5+ Rxf5 31. g3 Nxf2 32. Kg2 Rh5
33. Rd7 Ng4 34. Rff7 Rxh2+ 35. Kf1 Ne3+ 36. Ke1 Bb4+ 0-1